01225nam a2200241Ia 4500003000900000008004100009020001800050040001600068080001500084111017800099245033200277260004800609300002300657650004100680650001900721650003000740650001900770700003500789700003000824942000700854999001700861952010500878IN-BaIIA211028s9999 xx 000 0 eng d a0-521-44412-8 cIIA Library a524.3bSTA a4th EIPC Astrophysical Workshop on Star formation, Galaxies and the interstellar MediumcElba International Physics Center Marciana Marina, Elba Islandd1992 June 1-6919179 0aStar formation, Galaxies and the interStellar mediumbproceedings of the 4th EIPC astrophysical Workshop on Star formation, Galaxies and the interStellar medium, held in Elba International Physics Center Marciana Marina, Elba Island, Italy, 1-6 June 1992cedited by José Franco, Federico Ferrini, and Guillermo Tenorio-Tagle. aCambridgebCambridge University Pressc1993 a[various pagings.] aAstronomy and Astrophysics thesaurus aGalaxies91286 aInterStellar medium93375 aStar formation aFerrini, Federico., ed.919180 aFranco, Jose., ed.919181 cBK c11198d11198 00104070aBANbBANcGENd1995-02-10l0o524.3/.5/ STAp12112r2021-11-05w1995-02-10yBKG£ 40.00